000 00453cam a2200193 4500
001 D5463
008 090401t1980 xxu||||| |||| 00| 0 eng d
035 _a(Sirsi) u52000
041 _aeng
050 _a333.330973
100 _aHarwood, Bruce
245 _aReal estate principles
250 _a2nd
260 _aReston, Virginia
_bReston Publishing Co
_c1980
300 _axviii. 630p. 24cm
350 _a11
942 _n0
948 _c04/03/1997
999 _c92980
_d92980